Música de feria : cuarteto mexicano de cuerdas /
Documental donde los hermanos Martínez Bourguet interpretan los cuartetos para instrumentos de cuerda creados por el compositor mexicano Silvestre Revueltas (1899-1940), y que entremezclan con breves explicaciones de su pasión musical.
保存先:
| 第一著者: | |
|---|---|
| その他の著者: | , , , , |
| フォーマット: | |
| 言語: | スペイン語 |
| 出版事項: |
México :
CONACULTA : Canal 22,
2008, c2008
|
| シリーズ: | (Colección Canal 22. Música)
|
| 主題: | |
| タグ: |
タグなし, このレコードへの初めてのタグを付けませんか!
|
MARC
| LEADER | 00000ngm^a2200000^a^4500 | ||
|---|---|---|---|
| 001 | 000300723 | ||
| 005 | 20251020000000.0 | ||
| 009 | 20260310112524.087 | ||
| 037 | |a Acervo ITESO - Biblioteca | ||
| 041 | |a ESP | ||
| 082 | |a 709. |b CAN V. 14 | ||
| 100 | |a Arenas, Jordi |e (prod.) | ||
| 245 | 1 | 0 | |a Música de feria : |b cuarteto mexicano de cuerdas / |c Prod. y realización de J. Arenas. |
| 264 | 4 | |a México : |b CONACULTA : |b Canal 22, |c 2008, c2008 | |
| 300 | |a 1 DVD multirregión |c (53 min.) + |e 1 lámina | ||
| 336 | |a imagen móvil bidimensional |b tdi |2 rdacontenido | ||
| 337 | |a video |b v |2 rdamedio | ||
| 338 | |a videodisco |b vd |2 rdasoporte | ||
| 440 | 1 | |a (Colección Canal 22. |p Música) | |
| 520 | |a Documental donde los hermanos Martínez Bourguet interpretan los cuartetos para instrumentos de cuerda creados por el compositor mexicano Silvestre Revueltas (1899-1940), y que entremezclan con breves explicaciones de su pasión musical. | ||
| 649 | |a XX | ||
| 650 | |a Músicos Mexicanos | ||
| 650 | |a Artistas Mexicanos | ||
| 650 | |a Instrumentos de Cuerda - |z México | ||
| 650 | |a Música de Concierto - |z México - |x Tema Principal | ||
| 650 | |a Música de Concierto - |x Historia y Crítica | ||
| 650 | |a Música Mexicana - |y Siglo XX | ||
| 650 | |a Música Mexicana - |x Historia y Crítica | ||
| 650 | |a Revueltas, Silvestre | ||
| 700 | |a Arenas, Jordi |e (realización) | ||
| 700 | |a Martínez Bourguet, Pablo Arturo |e (ejecución musical) | ||
| 700 | |a Martínez Bourguet, Ekaterine |e (ejecución musical) | ||
| 700 | |a Martínez Bourguet, Alessia |e (ejecución musical | ||
| 700 | |a Martínez Bourguet, César |e (ejecución musical) | ||
| 910 | |a Fondo General | ||
| 920 | |a Audiovisuales - DVDs | ||
| 905 | |a 302 | ||
| 901 | |a 0500198469 |b IT2 |c DVS |u 20250521 | ||
| 901 | |a 0500240298 |b IT2 |c MIN |u 20251020 | ||
| 902 | |a https://opac.biblio.iteso.mx/vufind/Record/000300723 | ||